[Event "Plzen, FSB B"]
[Site "?"]
[Date "2004.??.??"]
[Round "8.11"]
[White "Krlis, J."]
[Black "Drazsky, R."]
[Result "1-0"]
[WhiteElo "1519"]
[BlackElo "1250"]
[PlyCount "91"]
[EventDate "2004.??.??"]
[Source "ChessBase"]
[SourceDate "1996.11.15"]

1. e4 e5 2. Nf3 Nc6 3. d4 exd4 4. Nxd4 Bc5 5. Be3 Qf6 6. c3 Nge7 7. g3 d5 8.
Bg2 dxe4 9. Bxe4 Nxd4 10. cxd4 Bb4+ 11. Nc3 O-O 12. O-O c6 13. h4 Nf5 14. Bg5
Qxd4 15. Bxf5 Qxd1 16. Bxh7+ Kxh7 17. Nxd1 Bh3 18. Ne3 Bxf1 19. Kxf1 Bd6 20.
Rd1 Be5 21. Be7 Rfe8 22. Ba3 Rad8 23. Rxd8 Rxd8 24. Ke2 Bd6 25. Bxd6 Rxd6 26.
g4 g6 27. f3 Kh6 28. h5 Re6 29. hxg6 fxg6 30. f4 Kg7 31. Kd3 Kf7 32. g5 Ke7 33.
b4 b5 34. Nc2 Kd6 35. Ne3 c5 36. a3 Kc6 37. Nc2 Re7 38. Ne3 Kb6 39. Nd5+ Kb7
40. Nxe7 Kb6 41. Nxg6 a5 42. f5 axb4 43. axb4 cxb4 44. f6 b3 45. f7 b2 46. Kc2
1-0

[Event "Plzen, FSB B"]
[Site "?"]
[Date "2004.??.??"]
[Round "8.12"]
[White "Sulista, D."]
[Black "Valek, T."]
[Result "1-0"]
[WhiteElo "1494"]
[BlackElo "1250"]
[PlyCount "117"]
[EventDate "2004.??.??"]
[Source "ChessBase"]
[SourceDate "1996.11.15"]

1. c4 e6 2. Nc3 Nf6 3. g3 Bb4 4. Bg2 Nc6 5. a3 Bxc3 6. bxc3 b6 7. Nf3 Bb7 8.
O-O O-O 9. Rb1 Na5 10. d3 h6 11. e4 d6 12. Re1 e5 13. Nd2 Qd7 14. Bb2 c5 15.
Rf1 b5 16. cxb5 Qxb5 17. c4 Qd7 18. f4 Rfe8 19. h3 Nc6 20. g4 Nh7 21. f5 Rf8
22. h4 Qe7 23. Nf3 Rfb8 24. Qd2 f6 25. Kf2 Kf8 26. Rg1 Kf7 27. Bh3 Rh8 28. Bf1
Rag8 29. g5 Nf8 30. g6+ Ke8 31. Bc3 Ba6 32. Qc2 Bc8 33. Be2 Qc7 34. Rb2 Nd7 35.
Rgb1 Ke7 36. Qa4 Nb6 37. Qd1 Bd7 38. a4 Rb8 39. a5 Na8 40. Qd2 a6 41. Ne1 Rxb2
42. Rxb2 Rb8 43. Rxb8 Qxb8 44. Bd1 Nd4 45. Bxd4 exd4 46. Ng2 Kf8 47. Nf4 Nc7
48. Nh5 Ne8 49. Nf4 Nc7 50. Ne2 Ke7 51. Ng3 Qe8 52. Kg2 Ba4 53. Bxa4 Qxa4 54.
Ne2 Qb4 55. Qxb4 cxb4 56. Nxd4 Kd7 57. Kf2 b3 58. Nxb3 Kc6 59. Ke3 1-0

[Event "Plzen, FSB B"]
[Site "?"]
[Date "2004.??.??"]
[Round "8.13"]
[White "Krizek, M."]
[Black "Konig, M."]
[Result "1-0"]
[WhiteElo "1100"]
[BlackElo "1274"]
[PlyCount "65"]
[EventDate "2004.??.??"]
[Source "ChessBase"]
[SourceDate "1996.11.15"]

1. e4 e5 2. Nf3 Nc6 3. Bb5 a6 4. Bxc6 dxc6 5. O-O Bg4 6. c3 Bc5 7. h3 Bh5 8. g4
Bg6 9. d4 exd4 10. cxd4 Bb4 11. Nc3 Qe7 12. Qb3 O-O-O 13. Re1 Ba5 14. e5 h5 15.
Bg5 f6 16. exf6 Qf7 17. Qxf7 Bxf7 18. fxg7 Rh7 19. Bxd8 Kxd8 20. Ng5 Rxg7 21.
Nxf7+ Rxf7 22. Re5 Bxc3 23. bxc3 hxg4 24. hxg4 Rf3 25. Rae1 Rf8 26. g5 Kd7 27.
Kg2 Rf7 28. Kg3 Rg7 29. Kf4 Ne7 30. Rxe7+ Rxe7 31. Rxe7+ Kxe7 32. Ke5 b5 33. f4
1-0

[Event "Plzen, FSB B"]
[Site "?"]
[Date "2004.??.??"]
[Round "8.14"]
[White "Simlova, J."]
[Black "Nebehaj, O."]
[Result "0-1"]
[WhiteElo "1508"]
[BlackElo "1250"]
[PlyCount "64"]
[EventDate "2004.??.??"]
[Source "ChessBase"]
[SourceDate "1996.11.15"]

1. e4 e5 2. f4 exf4 3. Nf3 Nc6 4. Bc4 d6 5. O-O h6 6. d4 g5 7. Ne1 Qe7 8. Nc3
Bg7 9. d5 Ne5 10. Bb5+ Bd7 11. Bxd7+ Qxd7 12. b3 O-O-O 13. Bb2 Ne7 14. a4 a6
15. a5 N7g6 16. Ne2 Nf3+ 17. Nxf3 Bxb2 18. Ra4 Bf6 19. Nfd4 Nh4 20. h3 Rhe8 21.
Qd3 Rg8 22. Nf5 Nxf5 23. exf5 Rge8 24. Re4 Rxe4 25. Qxe4 Re8 26. Qd3 Re3 27.
Qd2 Qxf5 28. Re1 Qe4 29. Kf2 g4 30. Kf1 Bh4 31. Qd4 Qxd4 32. Nxd4 Rxe1# 0-1

[Event "Plzen, FSB B"]
[Site "?"]
[Date "2004.??.??"]
[Round "8.15"]
[White "Uzel, J."]
[Black "Bauer, T."]
[Result "1-0"]
[WhiteElo "1408"]
[BlackElo "1395"]
[PlyCount "55"]
[EventDate "2004.??.??"]
[Source "ChessBase"]
[SourceDate "1996.11.15"]

1. e4 e5 2. Nf3 Nf6 3. Nc3 Bb4 4. Bc4 O-O 5. O-O d6 6. d3 Bg4 7. Bg5 Nbd7 8.
Nd5 c6 9. Nxb4 a5 10. Nxc6 bxc6 11. c3 Nb6 12. Bb3 a4 13. Bc2 d5 14. Re1 Qd6
15. d4 dxe4 16. dxe5 Qxd1 17. Bxd1 Nbd7 18. exf6 exf3 19. fxg7 Rfe8 20. Rxe8+
Rxe8 21. Bxa4 f6 22. Bh6 Re6 23. Bb3 fxg2 24. Bxe6+ Bxe6 25. Re1 Ne5 26. Kxg2
Bxa2 27. f4 Bd5+ 28. Kg3 1-0

[Event "Plzen, FSB B"]
[Site "?"]
[Date "2004.??.??"]
[Round "8.16"]
[White "Steinhauserova, A."]
[Black "Simecek, J."]
[Result "1-0"]
[WhiteElo "1100"]
[BlackElo "1100"]
[PlyCount "33"]
[EventDate "2004.??.??"]
[Source "ChessBase"]
[SourceDate "1996.11.15"]

1. e4 e6 2. d4 d5 3. Nc3 Be7 4. Nf3 Nc6 5. Bb5 Qd6 6. O-O a6 7. Ba4 b5 8. Bb3
dxe4 9. Nxe4 Qd8 10. d5 exd5 11. Bxd5 Bd7 12. Nd4 Nxd4 13. Qxd4 Bf6 14. Nxf6+
Qxf6 15. Qxf6 Nxf6 16. Bxa8 O-O 17. Bf3 {24. tahu dale necitlne} 1-0

[Event "Plzen, FSB B"]
[Site "?"]
[Date "2004.??.??"]
[Round "8.17"]
[White "Lorenc, D."]
[Black "Chmelar, O."]
[Result "0-1"]
[WhiteElo "1100"]
[BlackElo "1000"]
[PlyCount "146"]
[EventDate "2004.??.??"]
[Source "ChessBase"]
[SourceDate "1996.11.15"]

1. e4 e5 2. Nf3 Nc6 3. Bc4 Nf6 4. d3 Bb4+ 5. c3 Bc5 6. O-O O-O 7. b4 Be7 8. Bg5
d6 9. h3 Nh5 10. Qd2 Bxg5 11. Qxg5 Qxg5 12. Nxg5 a5 13. b5 Ne7 14. Rd1 c6 15.
d4 cxb5 16. Bxb5 Nc6 17. dxe5 dxe5 18. Rd5 Be6 19. Nxe6 fxe6 20. Rd6 Nf4 21.
Rd2 Rad8 22. a3 Rxd2 23. Nxd2 Rd8 24. Nf3 h6 25. Kh2 g5 26. g3 Ng6 27. h4 g4
28. Ne1 h5 29. Nd3 Na7 30. Bc4 Nf8 31. Nxe5 b5 32. Ba2 Kg7 33. f4 Ng6 34. Nxg6
Kxg6 35. Bxe6 Nc6 36. e5 Rd3 37. f5+ Kg7 38. c4 bxc4 39. Bxc4 Rd2+ 40. Kg1 Nxe5
41. Bb3 Nf3+ 42. Kf1 Kf6 43. Be6 Nd4 44. Rb1 Nxe6 45. fxe6 Kxe6 46. Rb6+ Rd6
47. Rxd6+ Kxd6 48. Ke2 Kc5 49. Kd3 Kb5 50. Ke3 Kc4 51. Kd2 Kb3 52. Kc1 Kxa3 53.
Kb1 Kb3 54. Ka1 a4 55. Kb1 a3 56. Ka1 Kc3 57. Ka2 Kd3 58. Kxa3 Ke3 59. Kb3 Kf3
60. Kc3 Kxg3 61. Kd2 Kf2 62. Kd3 g3 63. Ke4 g2 64. Kd5 g1=Q 65. Ke5 Qg4 66. Kd5
Ke3 67. Kd6 Qe4 68. Kc7 Qe5+ 69. Kd7 Kd4 70. Kc6 Qd5+ 71. Kc7 Kc5 72. Kc8 Kb6
73. Kb8 Qd8# 0-1

[Event "Plzen, FSB B"]
[Site "?"]
[Date "2004.??.??"]
[Round "8.18"]
[White "Vachal, P."]
[Black "Kucera, M."]
[Result "1-0"]
[WhiteElo "1100"]
[BlackElo "1100"]
[PlyCount "83"]
[EventDate "2004.??.??"]
[Source "ChessBase"]
[SourceDate "1996.11.15"]

1. e4 e5 2. Nf3 Nc6 3. d4 exd4 4. Nxd4 Nxd4 5. Qxd4 Ne7 6. Qd1 g6 7. Bc4 Bg7 8.
O-O d6 9. Nc3 O-O 10. Be3 Be6 11. Be2 Re8 12. Qd2 c5 13. Bh6 Nc6 14. Bxg7 Kxg7
15. Rad1 Nd4 16. Nb5 Nxe2+ 17. Qxe2 d5 18. e5 Qd7 19. Nd6 Rf8 20. Ne4 Qc6 21.
Ng5 h6 22. Nf3 Rfe8 23. Ne1 Qb6 24. Nd3 h5 25. Qf3 Bg4 26. Qf6+ Qxf6 27. exf6+
Kxf6 28. f3 Bf5 29. Nf4 d4 30. Nd5+ Ke6 31. Nc7+ Kd7 32. Nxa8 Rxa8 33. c3 Kc6
34. cxd4 g5 35. f4 Bg4 36. Rc1 b6 37. b4 Re8 38. dxc5 Re2 39. a4 gxf4 40. b5+
Kc7 41. Rxf4 f5 42. h3 1-0

[Event "Plzen, FSB B"]
[Site "?"]
[Date "2004.??.??"]
[Round "8.19"]
[White "Siml, O."]
[Black "Steinhauser, V."]
[Result "1-0"]
[WhiteElo "1100"]
[BlackElo "1100"]
[PlyCount "23"]
[EventDate "2004.??.??"]
[Source "ChessBase"]
[SourceDate "1996.11.15"]

1. e4 d5 2. exd5 Nf6 3. Nf3 Nxd5 4. Bb5+ Nc6 5. d3 a6 6. Bxc6+ bxc6 7. Nc3 g6
8. Ng5 e5 9. Qf3 Nf6 10. Qxc6+ Bd7 11. Qc4 Bb5 12. Qxf7# 1-0

[Event "Plzen, FSB B"]
[Site "?"]
[Date "2004.??.??"]
[Round "9.1"]
[White "Palkova, K."]
[Black "Kubat, M."]
[Result "1/2-1/2"]
[WhiteElo "1713"]
[BlackElo "1746"]
[PlyCount "48"]
[EventDate "2004.??.??"]
[Source "ChessBase"]
[SourceDate "1996.11.15"]

1. e4 c5 2. Nf3 Nc6 3. Bb5 g6 4. c3 Nf6 5. d3 Bg7 6. O-O O-O 7. Re1 Ne8 8. h3
Nc7 9. Bxc6 bxc6 10. Be3 d6 11. d4 cxd4 12. cxd4 Rb8 13. Qd2 Re8 14. Nc3 Na8
15. Rac1 Nb6 16. b3 Bb7 17. Bh6 Bh8 18. Qf4 e5 19. dxe5 dxe5 20. Qe3 Qe7 21.
Red1 Red8 22. Qe2 Nd7 23. Rd2 Nf8 24. Rcd1 Ne6 1/2-1/2

[Event "Plzen, FSB B"]
[Site "?"]
[Date "2004.??.??"]
[Round "9.2"]
[White "Benak, J."]
[Black "Havlik, J."]
[Result "1/2-1/2"]
[WhiteElo "1730"]
[BlackElo "1775"]
[PlyCount "32"]
[EventDate "2004.??.??"]
[Source "ChessBase"]
[SourceDate "1996.11.15"]

1. d4 d5 2. Nf3 Nf6 3. Bf4 Bf5 4. e3 c6 5. Be2 Qb6 6. Qc1 Nbd7 7. O-O h6 8. c4
e6 9. Nc3 Be7 10. Qd2 Ne4 11. Nxe4 Bxe4 12. c5 Qd8 13. a4 Bxf3 14. Bxf3 a5 15.
b4 axb4 16. Qxb4 b6 1/2-1/2

[Event "Plzen, FSB B"]
[Site "?"]
[Date "2004.??.??"]
[Round "9.3"]
[White "Zivec, J."]
[Black "Havlikova, K."]
[Result "1/2-1/2"]
[WhiteElo "1527"]
[BlackElo "1620"]
[PlyCount "119"]
[EventDate "2004.??.??"]
[Source "ChessBase"]
[SourceDate "1996.11.15"]

1. c4 e5 2. Nc3 Nf6 3. g3 Be7 4. Bg2 Nc6 5. e3 O-O 6. Nge2 d6 7. O-O Be6 8. b3
d5 9. cxd5 Nxd5 10. Bb2 Bf6 11. Ne4 Be7 12. d4 f5 13. Nd2 e4 14. Nc3 Ncb4 15.
Nc4 Nd3 16. Qe2 Bb4 17. Nxd5 Bxd5 18. Ne5 Nxb2 19. Qxb2 Qe7 20. a3 Bd6 21. Nc4
Rac8 22. Nxd6 Qxd6 23. Rac1 Qb6 24. b4 c6 25. Qc3 a6 26. Rfe1 Ra8 27. Bf1 a5
28. Rb1 Rf7 29. Rec1 axb4 30. axb4 Qd8 31. Bc4 Rf8 32. Qb3 Rc8 33. Bxd5+ Qxd5
34. Qxd5+ cxd5 35. Rc5 Rfd8 36. b5 Kf8 37. Rbc1 Ra8 38. b6 h6 39. Rc7 Rab8 40.
R1c5 Rd6 41. Kg2 Rdd8 42. f4 Rd6 43. Kh3 g5 44. Rh7 Kg8 45. Rcc7 Rxb6 46. Rcg7+
Kf8 47. Rd7 Kg8 48. Rhe7 Rb3 49. Rxd5 Rxe3 50. Rxf5 Rf8 51. Rfe5 gxf4 52. Rxe4
Rxe4 53. Rxe4 f3 54. Re1 b5 55. g4 b4 56. Kg3 b3 57. Kf2 Rf4 58. Rb1 Rxd4 59.
Rxb3 Rxg4 60. Kxf3 1/2-1/2

[Event "Plzen, FSB B"]
[Site "?"]
[Date "2004.??.??"]
[Round "9.5"]
[White "Jonas, V."]
[Black "Pospisil, A."]
[Result "1-0"]
[WhiteElo "1716"]
[BlackElo "1737"]
[PlyCount "59"]
[EventDate "2004.??.??"]
[Source "ChessBase"]
[SourceDate "1996.11.15"]

1. e4 e5 2. Nf3 Nf6 3. Bc4 Nc6 4. d4 Nxe4 5. dxe5 d5 6. Bxd5 Nc5 7. Bxc6+ bxc6
8. Qxd8+ Kxd8 9. Bg5+ Be7 10. Nc3 Bxg5 11. Nxg5 Ke7 12. O-O-O h6 13. Nce4 Nd7
14. Nf3 Ba6 15. Rxd7+ Kxd7 16. Nc5+ Kc8 17. Nxa6 Rd8 18. Rd1 Kb7 19. Nc5+ Kb6
20. Rxd8 Rxd8 21. Nd3 c5 22. b3 a5 23. Kd2 a4 24. Kc3 axb3 25. axb3 Kc6 26. Kc4
Ra8 27. Nxc5 Ra2 28. Nd4+ Kb6 29. Nd3 Ra5 30. Nf5 1-0

[Event "Plzen, FSB B"]
[Site "?"]
[Date "2004.??.??"]
[Round "9.6"]
[White "Chlad, L."]
[Black "Oresky, J."]
[Result "0-1"]
[WhiteElo "1544"]
[BlackElo "1582"]
[PlyCount "98"]
[EventDate "2004.??.??"]
[Source "ChessBase"]
[SourceDate "1996.11.15"]

1. e4 c5 2. c3 Nf6 3. e5 Nd5 4. d4 cxd4 5. Nf3 Nc6 6. Bc4 Nb6 7. Bb3 d5 8. cxd4
Bg4 9. Be3 e6 10. Nbd2 Be7 11. O-O O-O 12. Bc2 Rc8 13. a3 f6 14. Qb1 f5 15. h3
Bh5 16. Bf4 h6 17. Bh2 Bg5 18. Nxg5 Qxg5 19. f4 Qe7 20. Nb3 Nc4 21. Kh1 a5 22.
a4 Nb4 23. Bd3 b6 24. Bxc4 Rxc4 25. Rc1 Rfc8 26. Rxc4 Rxc4 27. Qf1 Be8 28. Bg1
Nc2 29. Nd2 Nxa1 30. Nxc4 dxc4 31. Qxa1 Qb4 32. Be3 Qxa4 33. Qxa4 Bxa4 34. Bd2
Kf7 35. Kg1 Ke7 36. Kf1 Kd7 37. Ke1 Bc6 38. g3 Bg2 39. h4 Kc6 40. Kd1 Be4 41.
Kc1 Kb5 42. Bc3 Ka4 43. Bd2 b5 44. Be1 b4 45. Bd2 Kb3 46. Be1 a4 47. d5 Bxd5
48. Kb1 Be4+ 49. Ka1 c3 0-1

[Event "Plzen, FSB B"]
[Site "?"]
[Date "2004.??.??"]
[Round "9.7"]
[White "Rehak, J."]
[Black "Sulista, D."]
[Result "1/2-1/2"]
[WhiteElo "1545"]
[BlackElo "1494"]
[PlyCount "25"]
[EventDate "2004.??.??"]
[Source "ChessBase"]
[SourceDate "1996.11.15"]

1. e4 e5 2. Nc3 Nc6 3. Bc4 Bc5 4. d3 d6 5. Be3 Bb6 6. Qd2 Be6 7. Bd5 Qd7 8. f4
Bxe3 9. Qxe3 exf4 10. Qxf4 Nf6 11. Nf3 Nb4 12. Bxe6 fxe6 13. O-O-O 1/2-1/2

[Event "Plzen, FSB B"]
[Site "?"]
[Date "2004.??.??"]
[Round "9.9"]
[White "Cisler, M."]
[Black "Pokorny, J."]
[Result "1/2-1/2"]
[WhiteElo "1485"]
[BlackElo "1499"]
[PlyCount "69"]
[EventDate "2004.??.??"]
[Source "ChessBase"]
[SourceDate "1996.11.15"]

1. e4 c5 2. Nf3 d6 3. d4 cxd4 4. Nxd4 Nf6 5. Nc3 a6 6. Be2 e6 7. O-O Be7 8. Be3
Qc7 9. Qd2 Nbd7 10. Rad1 O-O 11. Nb3 Rd8 12. f3 b6 13. Qe1 Nc5 14. Qg3 Bb7 15.
Rd2 Rd7 16. Rfd1 Rad8 17. Nc1 b5 18. b4 Na4 19. Nxa4 bxa4 20. Qf2 Qc3 21. Nd3
Ra8 22. Bd4 Qc8 23. Bxf6 Bxf6 24. Nc5 Rc7 25. Nxb7 Qxb7 26. a3 Bb2 27. Rxd6 h6
28. Rd8+ Rxd8 29. Rxd8+ Kh7 30. Qe3 Rxc2 31. e5 Rc1+ 32. Kf2 g6 33. Rd3 Qc7 34.
f4 Rc2 35. h3 1/2-1/2

[Event "Plzen, FSB B"]
[Site "?"]
[Date "2004.??.??"]
[Round "9.10"]
[White "Posmurny, O."]
[Black "Hrouza, M."]
[Result "1/2-1/2"]
[WhiteElo "1250"]
[BlackElo "1419"]
[PlyCount "60"]
[EventDate "2004.??.??"]
[Source "ChessBase"]
[SourceDate "1996.11.15"]

1. e4 e5 2. Nf3 Nc6 3. Bb5 a6 4. Ba4 Nf6 5. O-O b5 6. Bb3 d5 7. exd5 Nxd5 8.
Re1 f6 9. d4 Nde7 10. dxe5 Qxd1 11. Rxd1 Nxe5 12. Nxe5 fxe5 13. Re1 Bb7 14.
Rxe5 O-O-O 15. Re1 Ng6 16. Bg5 Be7 17. Bxe7 Nxe7 18. Nc3 Ng6 19. Ne4 Nh4 20. f3
Rhe8 21. Nc5 Rxe1+ 22. Rxe1 Bxf3 23. Re7 Bxg2 24. Be6+ Kb8 25. Nxa6+ Ka7 26.
Nxc7 Rd2 27. Bd5 Bxd5 28. Nxd5+ Ka6 29. Nb4+ Ka5 30. a3 Nf3+ 1/2-1/2

[Event "Plzen, FSB B"]
[Site "?"]
[Date "2004.??.??"]
[Round "9.11"]
[White "Iwanow, A."]
[Black "Kuca, T."]
[Result "1-0"]
[WhiteElo "1800"]
[BlackElo "1250"]
[PlyCount "87"]
[EventDate "2004.??.??"]
[Source "ChessBase"]
[SourceDate "1996.11.15"]

1. e4 e5 2. Nf3 Nc6 3. Bc4 Bc5 4. c3 Nf6 5. d4 exd4 6. cxd4 Bb4+ 7. Nc3 Bxc3+
8. bxc3 d5 9. exd5 Nxd5 10. Bg5 f6 11. Qe2+ Nce7 12. Bd2 O-O 13. O-O c6 14.
Rfe1 Re8 15. Qd1 Bg4 16. h3 Bxf3 17. Qxf3 Qd7 18. Bd3 Ng6 19. Qh5 Qf7 20. Bxg6
Qxg6 21. Qxg6 hxg6 22. Rab1 b6 23. c4 Nc7 24. Bf4 Ne6 25. Be3 c5 26. d5 Nd4 27.
Bxd4 cxd4 28. Rxe8+ Rxe8 29. Rd1 Re4 30. f3 Re7 31. Rxd4 Kf7 32. Kf2 Re8 33.
Re4 Rd8 34. Ke2 Rd7 35. Kd3 Re7 36. Rxe7+ Kxe7 37. Ke3 Kd6 38. Kd4 a6 39. a4 a5
40. h4 g5 41. hxg5 fxg5 42. g3 g4 43. fxg4 g5 44. Ke4 1-0

[Event "Plzen, FSB B"]
[Site "?"]
[Date "2004.??.??"]
[Round "9.12"]
[White "Nebehaj, O."]
[Black "Uzel, J."]
[Result "1-0"]
[WhiteElo "1250"]
[BlackElo "1408"]
[PlyCount "97"]
[EventDate "2004.??.??"]
[Source "ChessBase"]
[SourceDate "1996.11.15"]

1. e4 e5 2. Nf3 Nc6 3. Bb5 Nf6 4. Bxc6 dxc6 5. d3 Bd6 6. O-O Bg4 7. h3 Bh5 8.
Be3 h6 9. a3 Qe7 10. Nc3 O-O 11. Re1 Nh7 12. d4 Rad8 13. g4 Bg6 14. Qe2 Nf6 15.
Nd2 c5 16. dxc5 Bxc5 17. Bxc5 Qxc5 18. Rad1 Rd7 19. Nb3 Qc6 20. Rxd7 Nxd7 21.
Qb5 Qxb5 22. Nxb5 a6 23. Nc3 Nf6 24. f3 Rd8 25. Rd1 Rxd1+ 26. Nxd1 Nd7 27. Nc3
Kf8 28. Na5 b5 29. Nc6 Ke8 30. Nd5 Nb6 31. Nxb6 cxb6 32. Nxe5 Ke7 33. Nxg6+
fxg6 34. Kf2 Ke6 35. Ke3 g5 36. f4 gxf4+ 37. Kxf4 g5+ 38. Ke3 Ke5 39. Kd3 Kf4
40. Kd4 Kg3 41. e5 Kxh3 42. e6 Kxg4 43. e7 h5 44. e8=Q h4 45. Qe4+ Kh5 46. Qf5
a5 47. Ke4 b4 48. Kf3 bxa3 49. Qh7# 1-0

[Event "Plzen, FSB B"]
[Site "?"]
[Date "2004.??.??"]
[Round "9.13"]
[White "Valek, T."]
[Black "Kracikova, K."]
[Result "0-1"]
[WhiteElo "1250"]
[BlackElo "1374"]
[PlyCount "48"]
[EventDate "2004.??.??"]
[Source "ChessBase"]
[SourceDate "1996.11.15"]

1. e4 e5 2. Nf3 Nc6 3. d4 exd4 4. Bc4 d6 5. Nxd4 Ne5 6. Nd2 Nf6 7. f4 Bg4 8.
Be2 Bxe2 9. Qxe2 Ng6 10. O-O Qe7 11. f5 Ne5 12. N2f3 Nxf3+ 13. Rxf3 O-O-O 14.
Re3 g6 15. e5 Nd5 16. exd6 Qxd6 17. Re8 Bg7 18. Nb5 Qb6+ 19. Be3 Nxe3 20. Rxd8+
Rxd8 21. Rb1 Rd1+ 22. Rxd1 Nxd1+ 23. Kh1 Nf2+ 24. Kg1 Nh3+ 0-1

[Event "Plzen, FSB B"]
[Site "?"]
[Date "2004.??.??"]
[Round "9.14"]
[White "Drazsky, R."]
[Black "Konig, M."]
[Result "1-0"]
[WhiteElo "1250"]
[BlackElo "1274"]
[PlyCount "67"]
[EventDate "2004.??.??"]
[Source "ChessBase"]
[SourceDate "1996.11.15"]

1. e4 e5 2. Nf3 Nc6 3. Bb5 a6 4. Ba4 Nf6 5. O-O d6 6. d4 b5 7. Bb3 Bg4 8. dxe5
Nxe5 9. Nbd2 g6 10. Nxe5 Bxd1 11. Bxf7+ Ke7 12. Nc6+ Kxf7 13. Nxd8+ Rxd8 14.
Rxd1 Bh6 15. Re1 Rhe8 16. f3 Re7 17. Nf1 Bxc1 18. Raxc1 Rde8 19. Kf2 Nd7 20.
Ng3 Nc5 21. b3 b4 22. Re3 Ne6 23. Rce1 Nd4 24. Rc1 d5 25. c4 dxe4 26. Rxe4 Rxe4
27. Nxe4 Kg7 28. Ke3 c5 29. Kd3 Ne6 30. g3 Rd8+ 31. Ke3 Re8 32. Rd1 Nd4 33. Kf2
Ne6 34. Rd6 1-0

[Event "Plzen, FSB B"]
[Site "?"]
[Date "2004.??.??"]
[Round "9.15"]
[White "Chmelar, O."]
[Black "Karbusicky, O."]
[Result "1-0"]
[WhiteElo "1000"]
[BlackElo "1258"]
[PlyCount "59"]
[EventDate "2004.??.??"]
[Source "ChessBase"]
[SourceDate "1996.11.15"]

1. e4 e5 2. Nf3 Nc6 3. Bc4 Nf6 4. Nc3 Bc5 5. d3 d6 6. Bg5 Be6 7. Bxe6 fxe6 8.
Qe2 h6 9. Be3 Bb4 10. a3 Bxc3+ 11. bxc3 d5 12. exd5 exd5 13. O-O O-O 14. d4 Qd6
15. dxe5 Nxe5 16. Nxe5 Qxe5 17. Qd2 Ng4 18. g3 Rf3 19. Bf4 Qxc3 20. Qxd5+ Kf8
21. Qf5+ Nf6 22. Rab1 g5 23. Rb3 Qc6 24. Rxf3 Qxf3 25. Qxf6+ Kg8 26. Qg6+ Kf8
27. Qxh6+ Kf7 28. Qxg5 Qxa3 29. Bxc7 Rc8 30. Qf5+ 1-0

[Event "Plzen, FSB B"]
[Site "?"]
[Date "2004.??.??"]
[Round "9.16"]
[White "Steinhauserova, A."]
[Black "Siml, O."]
[Result "1-0"]
[WhiteElo "1100"]
[BlackElo "1100"]
[PlyCount "35"]
[EventDate "2004.??.??"]
[Source "ChessBase"]
[SourceDate "1996.11.15"]

1. e4 e5 2. d4 exd4 3. c3 dxc3 4. Bc4 Bc5 5. Nf3 Nf6 6. e5 Ng4 7. O-O d6 8. Bg5
f6 9. exf6 gxf6 10. Qd5 Qe7 11. Nxc3 Be6 12. Qxe6 Qxe6 13. Bxe6 Nxf2 14. Rxf2
Bxf2+ 15. Kxf2 fxg5 16. Nxg5 Rf8+ 17. Kg1 Rf6 18. Nd5 1-0

[Event "Plzen, FSB B"]
[Site "?"]
[Date "2004.??.??"]
[Round "9.17"]
[White "Simlova, J."]
[Black "Vachal, P."]
[Result "1-0"]
[WhiteElo "1508"]
[BlackElo "1100"]
[PlyCount "31"]
[EventDate "2004.??.??"]
[Source "ChessBase"]
[SourceDate "1996.11.15"]

1. e4 e5 2. Nf3 Nc6 3. d4 exd4 4. Nxd4 Qf6 5. Be3 Ne5 6. Nc3 Bb4 7. Qd2 Nc4 8.
Bxc4 Qd8 9. O-O-O Nf6 10. Nf5 Nxe4 11. Qd5 O-O 12. Nxe4 c6 13. Qd4 Qf6 14.
Nxf6+ gxf6 15. Qxf6 Bc3 16. Nh6# 1-0

[Event "Plzen, FSB B"]
[Site "?"]
[Date "2004.??.??"]
[Round "9.18"]
[White "Bauer, T."]
[Black "Lorenc, D."]
[Result "1-0"]
[WhiteElo "1395"]
[BlackElo "1100"]
[PlyCount "75"]
[EventDate "2004.??.??"]
[Source "ChessBase"]
[SourceDate "1996.11.15"]

1. d4 d5 2. Nc3 Nf6 3. e4 e6 4. Bd3 Nc6 5. e5 Ne4 6. Bxe4 dxe4 7. Be3 Bb4 8.
Nge2 b6 9. a3 Bxc3+ 10. Nxc3 Bb7 11. b4 a6 12. O-O a5 13. b5 Ne7 14. Bg5 Qd7
15. Bxe7 Qxe7 16. Re1 O-O-O 17. Nxe4 Qh4 18. f3 f5 19. exf6 gxf6 20. c3 f5 21.
g3 Qe7 22. Nf2 Qd7 23. Nd3 Rhe8 24. Ne5 Qg7 25. c4 f4 26. g4 Qf8 27. Nc6 Bxc6
28. bxc6 Rd6 29. d5 Qh6 30. Rc1 exd5 31. Rxe8+ Rd8 32. Rxd8+ Kxd8 33. Qxd5+ Ke8
34. Re1+ Kf8 35. Qf5+ Kg8 36. Re8+ Kg7 37. g5 Qg6 38. Qf8# 1-0

[Event "Plzen, FSB B"]
[Site "?"]
[Date "2004.??.??"]
[Round "9.19"]
[White "Kucera, M."]
[Black "Steinhauser, V."]
[Result "1-0"]
[WhiteElo "1100"]
[BlackElo "1100"]
[PlyCount "21"]
[EventDate "2004.??.??"]
[Source "ChessBase"]
[SourceDate "1996.11.15"]

1. e4 d5 2. exd5 Nf6 3. Nc3 Nxd5 4. Nxd5 Qxd5 5. Nf3 e5 6. d4 e4 7. Qe2 Be7 8.
Nd2 Qxd4 9. Qxe4 Qf6 10. Bd3 O-O 11. Qxh7# 1-0